000 01033cam a22002175a 4500
001 L141538
008 071129s1943 gw eng u
035 _a(Sirsi) u141538
041 0 _aeng
100 1 _aHodgson, John R.
245 0 1 _a[Christmas card sent to the President of the Chartered Surveyors' Institution by a prisoner of war]
_h[manuscript]
260 _c1943
300 _a1 card
_bill.
_c15 x 10 cm. +
_e1 sheet (14 x 21 cm.)
340 _aPrinted and manuscript
351 _cSingle item
500 _aItem is a Christmas card showing an image of Oflag IX A/H with the wording 'Oflag IX A/H sends Christmas greetings 1943 and best wishes for the New Year 1944'. The card was sent to the President of the Chartered Surveyors' Institution by Major John R. Hodgson (P.O.W. 559), who also designed the card.
500 _aItem is accompanied by a note setting out the history of Oflag IX A/H and the prisoners who were held there.
651 4 _aDeutschland = Germany
_y1990-
690 _aABOUT RICS
942 _n0
999 _c116730
_d116730